[Event "MVP-ch Seniors op 12th"]
[Site "Binz"]
[Date "2012.11.29"]
[Round "2"]
[White "Heimberg, Guenter"]
[Black "Gottschalk, Juergen"]
[Result "1-0"]
[WhiteElo "1687"]
[BlackElo "1371"]
[PlyCount "103"]
[EventDate "2012.11.28"]
[EventType "swiss"]
[EventRounds "9"]
[EventCountry "GER"]
[SourceTitle "EXT 2014"]
[Source "ChessBase"]
[SourceDate "2013.11.20"]
[SourceVersion "1"]
[SourceVersionDate "2013.11.20"]
[SourceQuality "1"]

1. c4 e5 2. Nc3 Nf6 3. e4 Bb4 4. Nge2 d6 5. a3 Bxc3 6. Nxc3 Nc6 7. d3 h6 8. h3 0-0 9. Be3 a6 10. Be2 Nd4 11. 0-0 c5 12. f4 exf4 13. Bxf4 Nh7 14. Be3 Qh4 15. Bf2 Qg5 16. h4 Nxe2+ 17. Qxe2 Qe5 18. Rab1 Nf6 19. Qf3 Bg4 20. Qg3 Qe6 21. Qe3 Rae8 22. Nd5 Nxd5 23. cxd5 Qg6 24. Rbe1 f5 25. Bg3 fxe4 26. Rxf8+ Kxf8 27. Qf4+ Bf5 28. dxe4 Kg8 29. exf5 Rxe1+ 30. Bxe1 Qf6 31. Bc3 Qe7 32. g3 Qe2 33. Qd2 Qg4 34. Qf2 Qd1+ 35. Kh2 Qxd5 36. f6 Qf7 37. Qf4 gxf6 38. Bxf6 Qg6 39. Kh3 Kf7 40. Bg5+ Kg7 41. Be7 h5 42. Bxd6 Qe6+ 43. g4 Qb3+ 44. Qg3 hxg4+ 45. Kxg4 Qxg3+ 46. Kxg3 c4 47. Kf3 Kg6 48. Kg4 b6 49. Bc7 b5 50. Ba5 Kh6 51. h5 Kh7 52. Kg5 1-0

[Event "Hessen-ch Seniors op 08th"]
[Site "Bad Sooden-Allendorf"]
[Date "2012.04.21"]
[Round "8"]
[White "Voermans, Adri"]
[Black "Heimberg, Guenter"]
[Result "1-0"]
[WhiteElo "1883"]
[BlackElo "1840"]
[PlyCount "42"]
[EventDate "2012.04.14"]
[EventType "swiss"]
[EventRounds "9"]
[EventCountry "GER"]
[SourceTitle "EXT 2019"]
[Source "ChessBase"]
[SourceDate "2018.10.10"]
[SourceVersion "1"]
[SourceVersionDate "2018.10.10"]
[SourceQuality "1"]

1. d4 d5 2. c4 e5 3. e3 dxc4 4. Bxc4 exd4 5. exd4 Nf6 6. Nc3 c6 7. a3 Bd6 8. Nf3 0-0 9. 0-0 Bg4 10. h3 Bf5 11. Ne5 Bxe5 12. dxe5 Qxd1 13. Rxd1 Nfd7 14. f4 h5 15. Be3 Re8 16. Rd2 Be6 17. Be2 g6 18. Ne4 Rf8 19. g4 hxg4 20. hxg4 f5 21. gxf5 Rxf5 1-0

[Event "Hessen-ch Seniors op 08th"]
[Site "Bad Sooden-Allendorf"]
[Date "2012.04.18"]
[Round "5"]
[White "Heimberg, Guenter"]
[Black "Hespers, Rolf"]
[Result "1-0"]
[WhiteElo "1840"]
[BlackElo "1768"]
[PlyCount "79"]
[EventDate "2012.04.14"]
[EventType "swiss"]
[EventRounds "9"]
[EventCountry "GER"]
[SourceTitle "EXT 2019"]
[Source "ChessBase"]
[SourceDate "2018.10.10"]
[SourceVersion "1"]
[SourceVersionDate "2018.10.10"]
[SourceQuality "1"]

1. c4 Nf6 2. Nc3 e6 3. e4 Bb4 4. Nge2 d6 5. a3 Bxc3 6. Nxc3 0-0 7. d3 h6 8. g3 Bd7 9. Bg2 e5 10. 0-0 Nc6 11. Ne2 a6 12. h3 Nh7 13. f4 f5 14. Kh2 fxe4 15. Bxe4 Rb8 16. Be3 Qe8 17. f5 Ne7 18. g4 Bc6 19. Qd2 Nf6 20. Ng3 Bxe4 21. dxe4 Kh7 22. Qe2 Qc6 23. Bd2 Rh8 24. b3 Kg8 25. Rg1 Kf7 26. Rg2 Rbg8 27. Rag1 Ke8 28. Rh1 Kd8 29. Rhg1 Rh7 30. Re1 Qe8 31. Kg1 Qc6 32. Kf1 g6 33. fxg6 Rxg6 34. Nf5 Qe8 35. Rf2 Nxf5 36. Rxf5 Rf7 37. Qf3 Ke7 38. Re2 Ng8 39. Rf2 Rxf5 40. exf5 1-0

[Event "Niedersachsen-ch Seniors op 14th"]
[Site "Bad Bevensen"]
[Date "2011.07.13"]
[Round "9"]
[White "Busic, Nedjeljko"]
[Black "Heimberg, Guenter"]
[Result "1-0"]
[WhiteElo "1866"]
[BlackElo "1624"]
[PlyCount "59"]
[EventDate "2011.07.05"]
[EventType "swiss"]
[EventRounds "9"]
[EventCountry "GER"]
[SourceTitle "EXT 2012"]
[Source "ChessBase"]
[SourceDate "2011.11.24"]
[SourceVersion "1"]
[SourceVersionDate "2011.11.24"]
[SourceQuality "1"]

1. e4 e5 2. Nf3 Nc6 3. d4 exd4 4. Nxd4 Nxd4 5. Qxd4 Qf6 6. e5 Qb6 7. Qh4 Qb4+ 8. Qxb4 Bxb4+ 9. c3 Be7 10. Bf4 b6 11. Bc4 a5 12. Nd2 c6 13. a4 Ba6 14. Bxa6 Rxa6 15. Nc4 g5 16. Be3 c5 17. 0-0-0 Nh6 18. h4 Nf5 19. Bxg5 h6 20. Bxe7 Kxe7 21. g4 Ng7 22. Rd6 h5 23. f3 Ne8 24. Rxb6 Rxb6 25. Nxb6 hxg4 26. fxg4 Rh6 27. Nc4 Ra6 28. h5 f6 29. h6 fxe5 30. h7 1-0

[Event "Niedersachsen-ch Seniors op 14th"]
[Site "Bad Bevensen"]
[Date "2011.07.06"]
[Round "2"]
[White "Heimberg, Guenter"]
[Black "Roellig, Wolfgang"]
[Result "1-0"]
[WhiteElo "1624"]
[BlackElo "1282"]
[PlyCount "69"]
[EventDate "2011.07.05"]
[EventType "swiss"]
[EventRounds "9"]
[EventCountry "GER"]
[SourceTitle "EXT 2012"]
[Source "ChessBase"]
[SourceDate "2011.11.24"]
[SourceVersion "1"]
[SourceVersionDate "2011.11.24"]
[SourceQuality "1"]

1. c4 Nf6 2. Nc3 d6 3. g3 e6 4. Bg2 c6 5. e4 e5 6. Nge2 Be7 7. 0-0 0-0 8. h3 Nbd7 9. d3 Rb8 10. a4 b6 11. f4 Bb7 12. f5 d5 13. Qc2 dxc4 14. dxc4 c5 15. g4 h6 16. Ng3 Qc7 17. Qe2 Rfd8 18. Nb5 Qc8 19. Nxa7 Qc7 20. Nb5 Qc8 21. Nc3 Nf8 22. Be3 Qc6 23. b3 Rd7 24. g5 hxg5 25. Bxg5 N6h7 26. Bxe7 Rxe7 27. Nd5 Rd7 28. Rad1 Rbd8 29. Ne7+ Rxe7 30. Rxd8 Nf6 31. Rfd1 N6d7 32. f6 Qxf6 33. Nf5 Qe6 34. Nxe7+ Qxe7 35. R1xd7 1-0

[Event "Niedersachsen-ch Seniors op 14th"]
[Site "Bad Bevensen"]
[Date "2011.07.05"]
[Round "1"]
[White "Ahlberg, Guenter"]
[Black "Heimberg, Guenter"]
[Result "1-0"]
[WhiteElo "1924"]
[BlackElo "1624"]
[PlyCount "93"]
[EventDate "2011.07.05"]
[EventType "swiss"]
[EventRounds "9"]
[EventCountry "GER"]
[SourceTitle "EXT 2012"]
[Source "ChessBase"]
[SourceDate "2011.11.24"]
[SourceVersion "1"]
[SourceVersionDate "2011.11.24"]
[SourceQuality "1"]

1. e4 e6 2. d4 d5 3. Nc3 Nf6 4. Bg5 Be7 5. e5 Nfd7 6. Bxe7 Qxe7 7. f4 c5 8. Nb5 cxd4 9. Nc7+ Kd8 10. Nxa8 Qb4+ 11. Qd2 Qxd2+ 12. Kxd2 b6 13. Nf3 Bb7 14. Nxb6 axb6 15. Nxd4 Nc5 16. Bd3 Nc6 17. Nxc6+ Bxc6 18. b4 Nd7 19. Rhe1 Kc7 20. a4 Ra8 21. Bb5 Nb8 22. Bxc6 Nxc6 23. c3 g6 24. g4 Kb7 25. g5 Rd8 26. Re3 Ra8 27. Rh3 Rh8 28. a5 bxa5 29. b5 Na7 30. Rxa5 Kb6 31. Ra6+ Kb7 32. Rd6 Nxb5 33. Rd7+ Kb6 34. Rxf7 Ra8 35. Rhxh7 Ra2+ 36. Kd3 Ra3 37. Rb7+ Kc6 38. Rxb5 Kxb5 39. Rg7 Ra2 40. Rxg6 Rxh2 41. Rxe6 Rh3+ 42. Kd4 Rh1 43. Kxd5 Rd1+ 44. Ke4 Re1+ 45. Kf5 Re3 46. g6 Rxc3 47. g7 1-0